The mechanism of English style
Αποθηκεύτηκε σε:
| Κύριος συγγραφέας: | |
|---|---|
| Μορφή: | Βιβλίο |
| Γλώσσα: | English |
| Δημοσίευση: |
New York :
Oxford University Press,
1916
|
| Θέματα: | |
| Ετικέτες: |
Προσθήκη ετικέτας
Δεν υπάρχουν, Καταχωρήστε ετικέτα πρώτοι!
|
MARC
| LEADER | 00000cam a2200000 i 4500 | ||
|---|---|---|---|
| 001 | 1/53446 | ||
| 008 | 040421s1916 eng d | ||
| 035 | |l 10073099 | ||
| 040 | |a GR-MY-UA |b gre |e aacr | ||
| 041 | 0 | |a eng | |
| 082 | 0 | |a 425 | |
| 100 | 1 | |a Smith, Lewis Worthington, |d 1866-1947. | |
| 245 | 1 | 4 | |a The mechanism of English style / |c Lewis Worthington Smith |
| 260 | |a New York : |b Oxford University Press, |c 1916 | ||
| 300 | |a 291 p. | ||
| 650 | 0 | 0 | |a English language |x Style. |
| 650 | 0 | 0 | |a English prose literature. |
| 650 | 0 | 0 | |a American prose literature. |
| 852 | |a INST |b RHODES |c AKA |e 20040421 |h 425 SMI |p 005400019259 |q 005400019259 |t BK |y 0 | ||
| 901 | |a BIBL4-2004-1 | ||
| 909 | |a Ρ |b 109265 | ||
| 970 | |a ΚΟΥΛΑΚΙΟΤΗ |b ΛΙΤΣΑ |z 2004/04/21 | ||